000 00685nam a22002177a 4500
005 20150713125452.0
008 140714b xxu||||| |||| 00| 0 Urdu d
010 _aUR-9203
020 q _c200.00
035 _aU-7758
037 _bDBAD/Pub.
040 _aDPL
_bUrdu
082 _a841
100 _aمشکو ر مر آ د آ با د ی
245 _aحسن کلا م
_cمشکو ر مر آ د آ با د ی
246 _ahusn-e-Kalam
_bBy Mashkur Muradabadi
260 _aMuradabad
_c2011
_bMashkur Muradabadi
270 _aMohlla Bagia Bazar,Deewan ,Nawab Pura
_bMuradabad
_e -
_k9897835035
300 _a160ص
_c22Cm (Hb)
942 _2ddc
_cUR
_e
_h841
_mم ش ک
999 _c94859
_d94859